| 000 | 01352cam a2200325 a 4500 | ||
|---|---|---|---|
| 001 | 15132351 | ||
| 005 | 20170105102903.0 | ||
| 008 | 080109s2008 nyu b 001 0 eng | ||
| 010 | _a 2008000845 | ||
| 020 | _a9781595583383 | ||
| 020 | _a1595583386 | ||
| 035 | _a(OCoLC)ocn181140006 | ||
| 035 | _a(OCoLC)181140006 | ||
| 040 |
_aDLC _cDLC _dBTCTA _dBAKER _dYDXCP _dC#P _dBWX _dCDX _dDLC |
||
| 043 | _an-us--- | ||
| 050 | 0 | 0 |
_aLC5131 _b.C525 2008 |
| 082 | 0 | 0 |
_a370.9173/2 _222 |
| 245 | 0 | 0 |
_aCity kids, city schools : _bmore reports from the front row / _cedited by William Ayers ... [et al.] ; foreword by Ruby Dee ; afterword by Jeff Chang. |
| 260 |
_aNew York : _bNew Press : _bDistributed by W.W. Norton & Co., _c2008. |
||
| 300 |
_axxxii, 346 p. ; _c24 cm. |
||
| 504 | _aIncludes bibliographical references and index. | ||
| 650 | 0 |
_aEducation, Urban _zUnited States. |
|
| 650 | 0 |
_aChildren with social disabilities _xEducation _xSocial aspects _zUnited States. |
|
| 650 | 0 |
_aCities and towns _zUnited States _xSocial conditions. |
|
| 700 | 1 |
_aAyers, William, _d1944- |
|
| 856 | 4 | 1 |
_3Table of contents only _uhttp://www.loc.gov/catdir/toc/ecip088/2008000845.html |
| 906 |
_a7 _bcbc _corignew _d1 _eecip _f20 _gy-gencatlg |
||
| 942 |
_2ddc _cBK |
||
| 999 |
_c14739 _d14739 |
||